000 00611nam a2200241Ia 4500
003 OSt
005 20221005113614.0
006 a|||||r|||| 00| 0
007 ta
008 221004b |||||||| |||| 00| 0 mal d
024 _a54678
037 _cTextual
040 _aCRL
_cCRL
_bmal
041 _2mal
_amal
082 _aO32,1wN1, J7
100 _aIyer G.Vaidyanatha
_9624611
245 0 _aAadhunikakavikal
260 _c1957
300 _a113p.
_ccm.
650 _aMALAYALAM LITERATURE
_938866
942 _hO32,1wN1, J7
_cTEXL
_2cc
999 _c1028715
_d1028715